<?xml version="1.0" encoding="UTF-8"?>
<record
    xmlns:xsi="http://www.w3.org/2001/XMLSchema-instance"
    xsi:schemaLocation="http://www.loc.gov/MARC21/slim http://www.loc.gov/standards/marcxml/schema/MARC21slim.xsd"
    xmlns="http://www.loc.gov/MARC21/slim">

  <leader>02290nab a2200229uuc4500</leader>
  <controlfield tag="001">1199859</controlfield>
  <controlfield tag="005">20240202095801.0</controlfield>
  <controlfield tag="008">100511s2009                        spa  </controlfield>
  <datafield tag="035" ind1=" " ind2=" ">
    <subfield code="a">1199859</subfield>
  </datafield>
  <datafield tag="040" ind1=" " ind2=" ">
    <subfield code="c">comduadb</subfield>
  </datafield>
  <datafield tag="041" ind1=" " ind2=" ">
    <subfield code="a">spa</subfield>
  </datafield>
  <datafield tag="100" ind1="1" ind2="0">
    <subfield code="a">Morales Erazo, Alexander</subfield>
    <subfield code="4">aut</subfield>
    <subfield code="e">aut</subfield>
    <subfield code="9">525972</subfield>
  </datafield>
  <datafield tag="245" ind1="1" ind2="3">
    <subfield code="a">El anciano en el servicio de urgencias</subfield>
  </datafield>
  <datafield tag="260" ind1=" " ind2=" ">
    <subfield code="c">2009.</subfield>
  </datafield>
  <datafield tag="520" ind1="3" ind2=" ">
    <subfield code="a">Los ancianos representan el segmento de mayor crecimiento en la poblaci&#xF3;n y, en consecuencia, es notorio que acuden cada vez m&#xE1;s a la consulta de urgencias. En general, representan m&#xE1;s del 15% de todas las consultas y casi el 50% de todos los ingresos a unidades de cuidado intensivo. De hecho, se dice que &#xA8; las unidades de urgencia est&#xE1;n envejeciendo&#xA8;. En Estados Unidos, el centro para control y prevenci&#xF3;n de la enfermedad (CDC), reporta que entre 1993 y 2003, observ&#xF3; un aumento en el n&#xFA;mero absoluto de consultas a urgencias, siendo el grupo de mayores de 65 a&#xF1;os, el que ten&#xED;a la m&#xE1;s alta frecuencia de visitas (aumento del 26%). Si esta tendencia se mantiene se espera que la frecuencia de consultas a urgencias en ancianos se duplique de 6,4 millones a 11,7 millones en el 2013. Los ancianos presentan caracter&#xED;sticas que los diferencian de otros grupos et&#xE1;reos e ingresan a urgencias con cuadros agudos o exacerbaciones de patolog&#xED;as cr&#xF3;nicas, muchas veces con presentaciones at&#xED;picas; como consecuencia se constituyen en un aut&#xE9;ntico reto para el cl&#xED;nico, que lo lleven a reducir la alta tasa de diagn&#xF3;sticos errados y retardados y las reconsultas. No obstante, es notorio el desconocimiento de los m&#xE9;dicos encargados de su atenci&#xF3;n, respecto a las peculiaridades de este grupo. Como si fuera poco, el ingreso a un servicio de urgencias, es uno de los marcadores de mortalidad en la poblaci&#xF3;n longeva y la sit&#xFA;a en alto riesgo de deterioro f&#xED;sico, funcional, mental y social.</subfield>
  </datafield>
  <datafield tag="650" ind1=" " ind2=" ">
    <subfield code="a">Servicio de urgencias</subfield>
    <subfield code="9">55142</subfield>
  </datafield>
  <datafield tag="650" ind1=" " ind2=" ">
    <subfield code="a">Cuidados de ancianos</subfield>
    <subfield code="9">173720</subfield>
  </datafield>
  <datafield tag="650" ind1=" " ind2="7">
    <subfield code="a">Servicios de salud para ancianos</subfield>
    <subfield code="2">dcs</subfield>
    <subfield code="9">23577</subfield>
  </datafield>
  <datafield tag="700" ind1="1" ind2="0">
    <subfield code="a">Rozo, Dick Jonnathan</subfield>
    <subfield code="4">aut</subfield>
    <subfield code="e">aut</subfield>
    <subfield code="9">525976</subfield>
  </datafield>
  <datafield tag="773" ind1="0" ind2=" ">
    <subfield code="t">Revista de la Asociaci&#xF3;n Colombiana de Gerontolog&#xED;a y Geriatr&#xED;a (Bogot&#xE1;)</subfield>
    <subfield code="g">Vol. 23, No. 02, Abr.-Jun. 2009, 1250-1258</subfield>
    <subfield code="w">388825</subfield>
    <subfield code="x">0122-6916</subfield>
    <subfield code="0">110790</subfield>
  </datafield>
  <datafield tag="942" ind1=" " ind2=" ">
    <subfield code="c">ARIMP</subfield>
  </datafield>
  <datafield tag="999" ind1=" " ind2=" ">
    <subfield code="c">560639</subfield>
    <subfield code="d">560639</subfield>
  </datafield>
</record>
